[Event "Antofagasta Zicosur op 2nd"]
[Site "Antofagasta"]
[Date "2016.01.09"]
[Round "8"]
[White "Mesias Rojas, Rabindranath"]
[Black "Chavez Dinamarca, Bastian"]
[Result "1-0"]
[WhiteElo "2214"]
[BlackElo "2108"]
[PlyCount "135"]
[EventDate "2016.01.05"]
[EventType "swiss"]
[EventRounds "9"]
[EventCountry "CHI"]
[SourceTitle "CBM 170 Extra"]
[Source "ChessBase"]
[SourceDate "2016.02.25"]
[SourceVersion "1"]
[SourceVersionDate "2016.02.25"]
[SourceQuality "1"]

1. e4 e5 2. Nf3 Nc6 3. d4 exd4 4. Bc4 Nf6 5. e5 Ne4 6. 0-0 d5 7. exd6 Nxd6 8. Bd5 Nf5 9. Bxc6+ bxc6 10. Re1+ Be7 11. g4 Nd6 12. Nxd4 Qd7 13. Bg5 f6 14. Bf4 0-0 15. Nc3 Nc4 16. Nf5 Bb4 17. Qf3 Ne5 18. Bxe5 fxe5 19. a3 Bd6 20. Ne4 g6 21. Qb3+ Kh8 22. Ne3 Qe7 23. Rad1 Be6 24. Qc3 Qh4 25. Ng3 Rxf2 26. Ng2 Rxg2+ 27. Kxg2 Bd5+ 28. Rxd5 cxd5 29. Rxe5 Kg8 30. Qc6 Rf8 31. Qxd5+ Kg7 32. Re4 Qf6 33. Qd4 Qxd4 34. Rxd4 Rb8 35. b3 Rf8 36. h3 Bxa3 37. Rd7+ Rf7 38. Rxf7+ Kxf7 39. Kf3 Ke6 40. Ne4 Ke5 41. Ng5 h6 42. Nf7+ Kf6 43. Nxh6 Bc1 44. g5+ Bxg5 45. Ng4+ Kf5 46. Nf2 Bf6 47. Nd3 Bd4 48. Nb4 a5 49. Nc6 Bb6 50. Ne7+ Kf6 51. Nd5+ Ke5 52. c4 Kf5 53. h4 Ke5 54. Kg4 Kd4 55. Kg5 a4 56. bxa4 Ba5 57. Kxg6 Kxc4 58. Nf6 Kb3 59. h5 c5 60. h6 c4 61. h7 c3 62. h8Q c2 63. Qb8+ Ka2 64. Qc8 Kb2 65. Qb7+ Ka1 66. Qc6 Kb2 67. Qb5+ Ka2 68. Qxa5 1-0

[Event "Donihue U2200 op"]
[Site "Donihue"]
[Date "2014.02.01"]
[Round "3"]
[White "Chavez Dinamarca, Bastian"]
[Black "Aguirre Contreras, Cristian Rodrigo"]
[Result "1-0"]
[WhiteElo "2126"]
[BlackElo "2022"]
[PlyCount "137"]
[EventDate "2014.01.31"]
[EventType "swiss"]
[EventRounds "7"]
[EventCountry "CHI"]
[SourceTitle "EXT 2015"]
[Source "ChessBase"]
[SourceDate "2014.11.20"]
[SourceVersion "1"]
[SourceVersionDate "2014.11.20"]
[SourceQuality "1"]

1. d4 g6 2. Nf3 Bg7 3. e4 d6 4. Nc3 Nd7 5. Be2 e5 6. 0-0 Ne7 7. Be3 0-0 8. Re1 h6 9. dxe5 Nxe5 10. Nxe5 dxe5 11. Bc5 Bf6 12. Nd5 Nxd5 13. Bxf8 Qxf8 14. Qxd5 c6 15. Qb3 Rb8 16. a4 Kg7 17. Bc4 b5 18. axb5 cxb5 19. Bd5 a6 20. Re3 Bg5 21. Rf3 f5 22. exf5 gxf5 23. Be6 Qf6 24. Bxc8 Rxc8 25. Rc3 Rd8 26. Rc7+ Kf8 27. Qc3 Qe6 28. Rc6 Qa2 29. Qa3+ Qxa3 30. bxa3 a5 31. Rc5 b4 32. axb4 axb4 33. Rxe5 Bf6 34. Rxf5 Kg7 35. Rb1 Rd2 36. g3 Bc3 37. Kg2 Rxc2 38. h4 Kg6 39. g4 Rd2 40. Rf4 Rd5 41. Rc4 Rd6 42. Rc5 Rf6 43. h5+ Kf7 44. Rc7+ Ke8 45. Rb7 Rf4 46. f3 Rd4 47. Kg3 Bd2 48. Ra1 Bf4+ 49. Kh3 Bd2 50. Ra8+ Rd8 51. Rxd8+ Kxd8 52. g5 hxg5 53. Kg4 Kc8 54. Rb5 Kc7 55. h6 Kc6 56. h7 Kxb5 57. h8Q Bf4 58. Qb2 Kc4 59. Qc2+ Kd5 60. Qb3+ Kc5 61. Kf5 Kb5 62. Ke4 Kc5 63. Qd5+ Kb6 64. Kd3 Kc7 65. Qc4+ Kd6 66. Qxb4+ Ke5 67. Qc5+ Kf6 68. Ke4 Kg6 69. Qf5+ 1-0

[Event "Santiago Endesa 08"]
[Site "Santiago de Chile"]
[Date "2008.06.06"]
[Round "8"]
[White "Chavez Dinamarca, Bastian"]
[Black "Stawizsinski, Walter"]
[Result "0-1"]
[WhiteElo "1853"]
[BlackElo "2134"]
[PlyCount "114"]
[EventDate "2008.05.19"]
[EventType "tourn"]
[EventRounds "9"]
[EventCountry "CHI"]
[SourceTitle "EXT 2012"]
[Source "ChessBase"]
[SourceDate "2011.11.24"]
[SourceVersion "1"]
[SourceVersionDate "2011.11.24"]
[SourceQuality "1"]

1. e4 c5 2. Nf3 Nc6 3. d4 cxd4 4. Nxd4 g6 5. Nc3 Bg7 6. Be3 d6 7. Bc4 Bd7 8. Qd2 Nf6 9. f3 h5 10. 0-0-0 a6 11. h3 Ne5 12. Bb3 Rc8 13. f4 Nc4 14. Bxc4 Rxc4 15. e5 dxe5 16. fxe5 Ng8 17. Nf3 Qc8 18. Nd5 Bf5 19. c3 Qd7 20. Nb6 Qxd2+ 21. Rxd2 Re4 22. Nd5 f6 23. Nc7+ Kf7 24. exf6 exf6 25. Re1 Ne7 26. Rd6 Rc8 27. Nd5 Nc6 28. Nb6 Rce8 29. Kd2 Bf8 30. Rd5 Rxe3 31. Rxe3 Bh6 32. Nc4 Kg7 33. Ke2 Bxe3 34. Nxe3 Be6 35. Rd2 Bxa2 36. Rd7+ Re7 37. Rxe7+ Nxe7 38. Nd4 Bf7 39. g4 h4 40. Ng2 g5 41. Ne3 Kg6 42. Nef5 Nd5 43. Nd6 Nf4+ 44. Kd2 Bd5 45. N4f5 Bg2 46. Ne3 Bc6 47. Ndf5 Bh1 48. Ne7+ Kf7 49. N7f5 Nxh3 50. Nd6+ Ke6 51. Ndf5 Nf2 52. Nd4+ Kf7 53. Ke2 Ne4 54. Kf1 Nc5 55. b4 Nd7 56. Nef5 Bd5 57. c4 Bxc4+ 0-1